Personal mobility and transport policy (Record no. 436311)

000 -LEADER
fixed length control field 00354cam a22001217a 4500
008 - FIXED-LENGTH DATA ELEMENTS--GENERAL INFORMATION
fixed length control field 180718b1973 xxu||||| |||| 00| 0 eng d
082 ## - DEWEY DECIMAL CLASSIFICATION NUMBER
Classification number W2 H559
100 ## - MAIN ENTRY--PERSONAL NAME
Personal name Hillman, Mayer
245 ## - TITLE STATEMENT
Title Personal mobility and transport policy
Statement of responsibility, etc. by Mayer Hillman
260 ## - PUBLICATION, DISTRIBUTION, ETC.
Place of publication, distribution, etc. London
Name of publisher, distributor, etc. PEP
Date of publication, distribution, etc. 1973
300 ## - PHYSICAL DESCRIPTION
Extent vi, 134p.
650 ## - SUBJECT ADDED ENTRY--TOPICAL TERM
Topical term or geographic name entry element Transportation and state --Great Britain

No items available.

Powered by Koha